000 00839nam a22002177a 4500
005 20111018141951.0
010 _aB-444669
020 _a9781921530401
_c199.00
035 _aB-444669
037 _bBlue Berry/Ven
_aDPL
082 _a363.73974
100 _aMurphy, Glenn
_937771
245 _aGlobal Warming :
_bWhat can you do ? /
_cby Glenn Murphy
260 _aAustralia
_bWeldon owen Pty Ltd
_c2009
270 _a59-61 Victoria Street,MCMahons Point Sydney NSW
_bAustralia
300 _a64p.
_c27cm(pbk)
490 _aGlobal issues
_937772
942 _2ddc
_cCH
_hS
_mMUR
999 _c57781
_d57781